000 00633nam a22002177a 4500
999 _c9526
_d9526
001 9526
003 OSt
005 20180318123405.0
008 180318b1988 nn ||||| |||| 00| 0 ben d
035 _a(BD-JhCC)9526
040 _aBD-JhCC
_dBD-JhCC
041 _aben
082 _a891.443
_bGAN 1988
100 _aগঙ্গোপাধ্যায়, সুনীল
245 _aনদীর ওপার /
_cসুনীল গঙ্গোপাধ্যায়
260 _aকলকাতা :
_bঅঙ্কুর
_c1988.
300 _a182 p. :
_c22 cm.
650 _aBengali novel
942 _2ddc
_cBK